| 000 | 01646nam a22002777a 4500 | ||
|---|---|---|---|
| 003 | OSt | ||
| 005 | 20240403093248.0 | ||
| 008 | 230925s2022 ag ||||| |||| 00| 0 spa d | ||
| 020 | _a9789501311389 | ||
| 040 |
_bspa _cbesoc |
||
| 245 | 0 | 0 |
_aGeografía : _bdel mundo / _cLaura Dalterio ... [et al.] |
| 250 | _a1a ed. | ||
| 260 |
_aBuenos Aires : _bKapelusz, _c2022 |
||
| 300 | _a304 p. | ||
| 505 | _aLA ORGANIACION POLITICA Y ECONOMICA DEL MUNDO ACTUAL--La geografía una ciencia social--Los estados y la organización del espacio--El mundo en la globalización--LAS BASES NATURALES DEL MUNDO--El planeta y sus bases naturales--Los recursos naturales en el mundo contemporáneo--Los problemas ambientales en el mundo--LA POBLACION MUNDIAL Y SU CALIDAD DE VIDA--La población en el mundo actual--La modalidad geográfica de la población--LOS ESPACIOS URBANOS Y RURALES--Lo urbano y lo rural en el mundo actual--Las ciudades del siglo XXI--Los espacios rurales en el siglo XXI--ATLAS DE LOS CONTINENTES--El continente mas extenso: Asia--El África, cuna de la humanidad--América, un continente muy variado--Europa, cuna de la civilización occidental--Oceanía, un continente formado por islas--La Antártida, un continente muy particular-- | ||
| 650 | 4 |
_aGeografía _xEducación secundaria _xLibros de texto |
|
| 700 | 1 |
_aDalterio, Laura _eautor |
|
| 700 | 1 | _aLópez, Laura | |
| 700 | 1 |
_aMartín, Julieta Paula _eautor |
|
| 700 | 1 |
_aRizzi, Analía _eautor |
|
| 700 | 1 |
_aRodríguez Freiman, Diego _eautor |
|
| 700 | 1 |
_aSposob, Gustavo _eautor |
|
| 700 | 1 |
_aValverde, Santiago _eautor |
|
| 700 | 1 |
_aRovatti, Daniela _eautor |
|
| 942 |
_2udc _cLPD _n0 |
||
| 999 |
_c83 _d83 |
||